| 000 | 00846nam a22002775i 4500 | ||
|---|---|---|---|
| 001 | 18893839 | ||
| 003 | BD-DhUL | ||
| 005 | 20161221091614.0 | ||
| 008 | 151210s2016 cau 000 0 eng | ||
| 010 | _a 2015959784 | ||
| 020 | _a9781941870488 (pbk.) | ||
| 040 |
_aDLC _beng _erda _cBD-DhUL |
||
| 042 | _apcc | ||
| 082 |
_a658.4 _bHOC |
||
| 100 | 1 | _aWare, James. | |
| 245 | 1 | 0 |
_aMaking meetings matter : _bnew rules and cool tools for leading corporate conversations in the digital age / _cJames Ware, PhD. |
| 263 | _a1601 | ||
| 264 | 1 |
_aOceanside, CA : _bIndie Books International, _c2016. |
|
| 300 | _apages cm | ||
| 336 |
_atext _btxt _2rdacontent |
||
| 337 |
_aunmediated _bn _2rdamedia |
||
| 338 |
_avolume _bnc _2rdacarrier |
||
| 906 |
_a0 _bibc _corignew _d2 _eepcn _f20 _gy-gencatlg |
||
| 942 |
_2ddc _cBK |
||
| 955 | _apc25 2015-12-10 | ||
| 999 |
_c139431 _d139431 |
||